000 00536nam a2200169 i 4500
001 62507
003 ES-MaACL
005 20230906164700.0
007 t|
008 031121s1970 sp ||||1| spa d
100 1 _aFernández Álvarez, Manuel,
_d1921-2010
_949458
245 1 0 _aDon Carlos
_b: (un conflicto generacional del siglo XVI) /
_cManuel Fernández Alvarez.
260 _aSalamanca :
_b[s.n.,
_c1970] (
_fGráf. Europa)
300 _a93 p. ;
_c17 cm.
852 _aES-MaACL
_jC-40775
_bR.74828
999 _c62507
_d62507